{"text_format":"3","workbook":"xlsx","n_sheets":1,"sheets":["Worksheet"],"read":"whole","date_system":"1900"}

{"sheet":"Worksheet","index":0,"n_rows":38,"n_cols":16,"rows_kept":38}
["№","Код участника","Название ОУ","Фамилия","Имя","Отчество","Пол","Класс","Класс участия","Балл","Макс. балл","Статус","Призер МЭ прошлого года","Учитель","Место работы учителя","Предмет"]
[640771,"401007_17247638591_27","МБОУ \"СОШ №7\" НМР РТ","Гелметдинова","Альбина","Ильнуровна","Ж",5,5,7,25,"участник",null,"Парастаева Светлана Федоровна","Муниципальное бюджетное общеобразовательное учреждение \"Средняя общеобразовательная школа №7\" Нижнекамского Муниципального района Республики Татарстан","Биология"]
[640772,"401007_17395860922_27","МБОУ \"СОШ №7\" НМР РТ","Агзамов","Тамирлан","Данилевич","М",5,5,9,25,"участник",null,"Парастаева Светлана Федоровна","Муниципальное бюджетное общеобразовательное учреждение \"Средняя общеобразовательная школа №7\" Нижнекамского Муниципального района Республики Татарстан","Биология"]
[640773,"401007_17247649798_27","МБОУ \"СОШ №7\" НМР РТ","Биряльцев","Матвей","Николаевич","М",5,5,7,25,"участник",null,"Парастаева Светлана Федоровна","Муниципальное бюджетное общеобразовательное учреждение \"Средняя общеобразовательная школа №7\" Нижнекамского Муниципального района Республики Татарстан","Биология"]
[640774,"401007_16900757177_27","МБОУ \"СОШ №7\" НМР РТ","Токарева","Маргарита","Григорьевна","Ж",5,5,5,25,"участник",null,"Парастаева Светлана Федоровна","Муниципальное бюджетное общеобразовательное учреждение \"Средняя общеобразовательная школа №7\" Нижнекамского Муниципального района Республики Татарстан","Биология"]
[640775,"401007_17144845170_27","МБОУ \"СОШ №7\" НМР РТ","Данилова","Кира","Николаевна","Ж",5,5,12,25,"участник",null,"Парастаева Светлана Федоровна","Муниципальное бюджетное общеобразовательное учреждение \"Средняя общеобразовательная школа №7\" Нижнекамского Муниципального района Республики Татарстан","Биология"]
[640776,"401007_17144845271_27","МБОУ \"СОШ №7\" НМР РТ","Данилова","Ева","Николаевна","Ж",5,5,5,25,"участник",null,"Парастаева Светлана Федоровна","Муниципальное бюджетное общеобразовательное учреждение \"Средняя общеобразовательная школа №7\" Нижнекамского Муниципального района Республики Татарстан","Биология"]
[640777,"401007_17074943686_27","МБОУ \"СОШ №7\" НМР РТ","Сычева","Аделя","Руслановна","Ж",5,5,9,25,"участник",null,"Парастаева Светлана Федоровна","Муниципальное бюджетное общеобразовательное учреждение \"Средняя общеобразовательная школа №7\" Нижнекамского Муниципального района Республики Татарстан","Биология"]
[640778,"401007_17166512064_27","МБОУ \"СОШ №7\" НМР РТ","Федорова","Яна","Витальевна","Ж",5,5,7,25,"участник",null,"Парастаева Светлана Федоровна","Муниципальное бюджетное общеобразовательное учреждение \"Средняя общеобразовательная школа №7\" Нижнекамского Муниципального района Республики Татарстан","Биология"]
[640779,"401007_17436478901_27","МБОУ \"СОШ №7\" НМР РТ","Камашев","Егор","Валерьевич","М",5,5,10,25,"участник",null,"Парастаева Светлана Федоровна","Муниципальное бюджетное общеобразовательное учреждение \"Средняя общеобразовательная школа №7\" Нижнекамского Муниципального района Республики Татарстан","Биология"]
[640780,"401007_17234133035_27","МБОУ \"СОШ №7\" НМР РТ","Дорофеева","София","Сергеевна","Ж",5,5,5,25,"участник",null,"Парастаева Светлана Федоровна","Муниципальное бюджетное общеобразовательное учреждение \"Средняя общеобразовательная школа №7\" Нижнекамского Муниципального района Республики Татарстан","Биология"]
[640781,"401007_17316409661_27","МБОУ \"СОШ №7\" НМР РТ","Кузнецов","Демьян","Кириллович","М",5,5,8,25,"участник",null,"Парастаева Светлана Федоровна","Муниципальное бюджетное общеобразовательное учреждение \"Средняя общеобразовательная школа №7\" Нижнекамского Муниципального района Республики Татарстан","Биология"]
[640782,"401007_17050520323_27","МБОУ \"СОШ №7\" НМР РТ","Митрофанов","Артур","Русланович","М",5,5,5,25,"участник",null,"Парастаева Светлана Федоровна","Муниципальное бюджетное общеобразовательное учреждение \"Средняя общеобразовательная школа №7\" Нижнекамского Муниципального района Республики Татарстан","Биология"]
[640783,"401007_17352419062_27","МБОУ \"СОШ №7\" НМР РТ","Махмутова","Миласлава","Олеговна","Ж",5,5,8,25,"участник",null,"Парастаева Светлана Федоровна","Муниципальное бюджетное общеобразовательное учреждение \"Средняя общеобразовательная школа №7\" Нижнекамского Муниципального района Республики Татарстан","Биология"]
[640784,"401007_16995718246_27","МБОУ \"СОШ №7\" НМР РТ","Ульянова","Валерия","Александровна","Ж",5,5,7,25,"участник",null,"Парастаева Светлана Федоровна","Муниципальное бюджетное общеобразовательное учреждение \"Средняя общеобразовательная школа №7\" Нижнекамского Муниципального района Республики Татарстан","Биология"]
[640785,"401007_16706240257_27","МБОУ \"СОШ №7\" НМР РТ","Амиркулова","Елизавета","Радиковна","Ж",6,6,19,25,"призер",null,"Богданова Айгуль Миннегалимовна","Муниципальное бюджетное общеобразовательное учреждение \"Средняя общеобразовательная школа №7\" Нижнекамского Муниципального района Республики Татарстан","Биология"]
[640786,"401007_16213117113_27","МБОУ \"СОШ №7\" НМР РТ","Киселева","Анна","Ильинична","Ж",7,7,22,30,"победитель",null,"Богданова Айгуль Миннегалимовна","Муниципальное бюджетное общеобразовательное учреждение \"Средняя общеобразовательная школа №7\" Нижнекамского Муниципального района Республики Татарстан","Биология"]
[640787,"401007_16241476452_27","МБОУ \"СОШ №7\" НМР РТ","Антипина","Любовь","Евгеньевна","Ж",7,7,17,30,"призер",null,"Богданова Айгуль Миннегалимовна","Муниципальное бюджетное общеобразовательное учреждение \"Средняя общеобразовательная школа №7\" Нижнекамского Муниципального района Республики Татарстан","Биология"]
[640788,"401007_19783817747_27","МБОУ \"СОШ №7\" НМР РТ","Иброхимова","Самина","Пайравжоновна","Ж",7,7,17,30,"призер",null,"Богданова Айгуль Миннегалимовна","Муниципальное бюджетное общеобразовательное учреждение \"Средняя общеобразовательная школа №7\" Нижнекамского Муниципального района Республики Татарстан","Биология"]
[640789,"401007_16163588983_27","МБОУ \"СОШ №7\" НМР РТ","Филипов","Тимофей","Александрович","М",7,7,13,30,"участник",null,"Богданова Айгуль Миннегалимовна","Муниципальное бюджетное общеобразовательное учреждение \"Средняя общеобразовательная школа №7\" Нижнекамского Муниципального района Республики Татарстан","Биология"]
[640790,"401007_16159315972_27","МБОУ \"СОШ №7\" НМР РТ","Ахмадиев","Тимур","Ильдарович","М",7,7,11,30,"участник",null,"Богданова Айгуль Миннегалимовна","Муниципальное бюджетное общеобразовательное учреждение \"Средняя общеобразовательная школа №7\" Нижнекамского Муниципального района Республики Татарстан","Биология"]
[640791,"401007_15757795733_27","МБОУ \"СОШ №7\" НМР РТ","Вилданов","Ислам","Ильдарович","М",7,7,11,30,"участник",null,"Богданова Айгуль Миннегалимовна","Муниципальное бюджетное общеобразовательное учреждение \"Средняя общеобразовательная школа №7\" Нижнекамского Муниципального района Республики Татарстан","Биология"]
[640792,"401007_16075820162_27","МБОУ \"СОШ №7\" НМР РТ","Гайфуллина","Зарина","Азатовна","Ж",7,7,11,30,"участник",null,"Богданова Айгуль Миннегалимовна","Муниципальное бюджетное общеобразовательное учреждение \"Средняя общеобразовательная школа №7\" Нижнекамского Муниципального района Республики Татарстан","Биология"]
[640793,"401007_15708944800_27","МБОУ \"СОШ №7\" НМР РТ","Барова","Анастасия","Александровна","Ж",8,8,14,33,"участник",null,"Богданова Айгуль Миннегалимовна","Муниципальное бюджетное общеобразовательное учреждение \"Средняя общеобразовательная школа №7\" Нижнекамского Муниципального района Республики Татарстан","Биология"]
[640794,"401007_15446361062_27","МБОУ \"СОШ №7\" НМР РТ","Рахимова","Кира","Руслановна","Ж",8,8,14,33,"участник",null,"Богданова Айгуль Миннегалимовна","Муниципальное бюджетное общеобразовательное учреждение \"Средняя общеобразовательная школа №7\" Нижнекамского Муниципального района Республики Татарстан","Биология"]
[640795,"401007_15531482959_27","МБОУ \"СОШ №7\" НМР РТ","Хасанова","Самина","Ильдаровна","Ж",8,8,10,33,"участник",null,"Богданова Айгуль Миннегалимовна","Муниципальное бюджетное общеобразовательное учреждение \"Средняя общеобразовательная школа №7\" Нижнекамского Муниципального района Республики Татарстан","Биология"]
[640796,"401007_15574363687_27","МБОУ \"СОШ №7\" НМР РТ","Шаехзянов","Булат","Ренатович","М",8,8,9,33,"участник",null,"Богданова Айгуль Миннегалимовна","Муниципальное бюджетное общеобразовательное учреждение \"Средняя общеобразовательная школа №7\" Нижнекамского Муниципального района Республики Татарстан","Биология"]
[640797,"401007_16338522974_27","МБОУ \"СОШ №7\" НМР РТ","Ашимова","Мадина","Равшановна","Ж",8,8,7,33,"участник",null,"Богданова Айгуль Миннегалимовна","Муниципальное бюджетное общеобразовательное учреждение \"Средняя общеобразовательная школа №7\" Нижнекамского Муниципального района Республики Татарстан","Биология"]
[640798,"401007_16407818070_27","МБОУ \"СОШ №7\" НМР РТ","Газизулин","Динар","Марселевич","М",8,8,4,33,"участник",null,"Богданова Айгуль Миннегалимовна","Муниципальное бюджетное общеобразовательное учреждение \"Средняя общеобразовательная школа №7\" Нижнекамского Муниципального района Республики Татарстан","Биология"]
[640799,"401007_17137283365_27","МБОУ \"СОШ №7\" НМР РТ","Захарова","Инга","Денисовна","Ж",8,8,1,33,"участник",null,"Богданова Айгуль Миннегалимовна","Муниципальное бюджетное общеобразовательное учреждение \"Средняя общеобразовательная школа №7\" Нижнекамского Муниципального района Республики Татарстан","Биология"]
[640800,"401007_16940057274_27","МБОУ \"СОШ №7\" НМР РТ","Ибрагимова","Ралина","Айдаровна","Ж",9,9,30,57,"призер",null,"Богданова Айгуль Миннегалимовна","Муниципальное бюджетное общеобразовательное учреждение \"Средняя общеобразовательная школа №7\" Нижнекамского Муниципального района Республики Татарстан","Биология"]
[640801,"401007_18743275301_27","МБОУ \"СОШ №7\" НМР РТ","Роо","Ева","Денисовна","Ж",9,9,23,57,"участник",null,"Богданова Айгуль Миннегалимовна","Муниципальное бюджетное общеобразовательное учреждение \"Средняя общеобразовательная школа №7\" Нижнекамского Муниципального района Республики Татарстан","Биология"]
[640802,"401007_16952854013_27","МБОУ \"СОШ №7\" НМР РТ","Тупиков","Эдуард","Сергеевич","М",9,9,14,57,"участник",null,"Богданова Айгуль Миннегалимовна","Муниципальное бюджетное общеобразовательное учреждение \"Средняя общеобразовательная школа №7\" Нижнекамского Муниципального района Республики Татарстан","Биология"]
[640803,"401007_16431211222_27","МБОУ \"СОШ №7\" НМР РТ","Камалов","Данис","Расилович","М",9,9,13,57,"участник",null,"Богданова Айгуль Миннегалимовна","Муниципальное бюджетное общеобразовательное учреждение \"Средняя общеобразовательная школа №7\" Нижнекамского Муниципального района Республики Татарстан","Биология"]
[640804,"401007_15428783086_27","МБОУ \"СОШ №7\" НМР РТ","Файзуллина","Нелли","Романовна","Ж",9,9,1,57,"участник",null,"Богданова Айгуль Миннегалимовна","Муниципальное бюджетное общеобразовательное учреждение \"Средняя общеобразовательная школа №7\" Нижнекамского Муниципального района Республики Татарстан","Биология"]
[640805,"401007_14915998921_27","МБОУ \"СОШ №7\" НМР РТ","Васильева","Татьяна","Егоровна","Ж",10,10,25,64,"участник",null,"Богданова Айгуль Миннегалимовна","Муниципальное бюджетное общеобразовательное учреждение \"Средняя общеобразовательная школа №7\" Нижнекамского Муниципального района Республики Татарстан","Биология"]
[640806,"401007_14630121719_27","МБОУ \"СОШ №7\" НМР РТ","Мухамедзянова","Лиана","Артуровна","Ж",10,10,25,64,"участник",null,"Богданова Айгуль Миннегалимовна","Муниципальное бюджетное общеобразовательное учреждение \"Средняя общеобразовательная школа №7\" Нижнекамского Муниципального района Республики Татарстан","Биология"]
[640807,"401007_15778953742_27","МБОУ \"СОШ №7\" НМР РТ","Юнусов","Динар","Расимович","М",10,10,25,64,"участник",null,"Богданова Айгуль Миннегалимовна","Муниципальное бюджетное общеобразовательное учреждение \"Средняя общеобразовательная школа №7\" Нижнекамского Муниципального района Республики Татарстан","Биология"]